• 首页
  • 本馆介绍
  • 公告通知
  • 最新文献
  • 馆藏检索
  • 电子资源
  • 读者导购
  • 参考咨询
  • 我的图书馆
  • 登录
  • 详细信息显示
  • 放入我的书架
  • 预约/预借图书
  • 作者相关作品
  • 分类相关作品
  • 丛书相关作品
  • 出版社相关作品

书目信息

  • 表格格式
  • 工作单格式
  • 卡片格式
题名:
像我这样做妈妈
    
 
作者: 陈舒 , 欧茜 著
分册:  
出版信息: 北京   人民卫生出版社  2016
页数: 207页
开本: 24cm
丛书名:
单 册:
中图分类: R174 , TS972.162
科图分类:
主题词: 婴幼儿--ying you er--哺育 , 儿童--er tong--食谱
电子资源:
ISBN: 978-7-117-22765-0
000 01332nam0 2200301 450
001 012017000207
005 20180111085441.78
010    @a978-7-117-22765-0@b@dCNY49.00
100    @a20160727d2016 em y0chiy0121 ea
101 0  @achi
102    @aCN@b110000
105    @aa z 000yy
106    @ar
200 1  @a像我这样做妈妈@Axiang wo zhe yang zuo ma ma@e儿童辅食看这里@f陈舒, 欧茜著@g
210    @a北京@c人民卫生出版社@d2016
215    @a207页@c彩图@d24cm
314    @a陈舒, 公共卫生博士, 研究方向为儿童营养。欧茜, 儿科医生, 重庆医科大学儿科硕士, 具有10年儿科临床经验。
330    @a本书最大的特点是营养师和儿科医生携手, 全书以图为主, 图文并茂。按照月龄, 从6个月开始针对宝宝的生理和发育特点设计辅食食谱。所有辅食的制作都有过程图, 能够让新手妈妈毫无压力的掌握制作辅食的技能。除了针对月龄涉及的食谱, 书中还会在相应月龄介绍宝宝的营养需求、进食特点, 所选食材的营养价值。文中还会以小贴士的形式出现诸如食材的正确处理方法、不同制作方式营养素的保留情况、辅食制作的原则及技巧等内容。
517 1  @a儿童辅食看这里@Aer tong fu shi kan zhe li
606 0  @a婴幼儿@Aying you er@x哺育
606 0  @a儿童@Aer tong@x食谱
690    @aR174@V5@v4
690    @aTS972.162@v5
701  0 @a陈舒@Achen shu@4著
701  0 @a欧茜@Aou qian@4著
801  0 @aCN@b湖北三新@c20160920@g
905    @aBZT@dR174@e39
906    @dCNY49.00@n5@r1
    
    像我这样做妈妈:儿童辅食看这里/陈舒, 欧茜著.-北京:人民卫生出版社,2016
    207页:彩图;24cm
    
    
    ISBN 978-7-117-22765-0:CNY49.00
    本书最大的特点是营养师和儿科医生携手, 全书以图为主, 图文并茂。按照月龄, 从6个月开始针对宝宝的生理和发育特点设计辅食食谱。所有辅食的制作都有过程图, 能够让新手妈妈毫无压力的掌握制作辅食的技能。除了针对月龄涉及的食谱, 书中还会在相应月龄介绍宝宝的营养需求、进食特点, 所选食材的营养价值。文中还会以小贴士的形式出现诸如食材的正确处理方法、不同制作方式营养素的保留情况、辅食制作的原则及技巧等内容。
●
相关链接 在五车中查询图书 在当当中查询图书 在豆瓣中查询图书


正题名:像我这样做妈妈     索取号:R174/39         预约/预借

序号 登录号 条形码 馆藏地/架位号 状态 备注
1 846537   2000846537   第二书库/ [索取号:R174/39] 在馆    
2 846538   2000846538   第二书库/ [索取号:R174/39] 在馆    
3 846539   2000846539   第二书库/ [索取号:R174/39] 在馆    
山东省滨州职业学院图书馆 欢迎您!
大连网信软件有限公司© 版权所有